000 00499nam a2200181 i 4500
001 bg
100 1 _aOKOŃ, Wincenty
245 0 _aNaucznaie problemowe we współczesnej szkole /
_cWincenty Okoń.
260 _aWarszawa :
_bWydawnictwa Szkolne i Pedagogiczne,
_c1978.
300 _a339, [1] s. :
_brys. ;
_c21 cm.
650 9 _aNauczanie
_xmetody
650 9 _aUczenie się
040 _cBPK
041 _apol
080 _a37.01:373
942 _cKS
008 s pl f |000 0 pol
999 _c6857
_d6857
856 _uhttp://koha.tu.koszalin.pl/cgi-bin/koha/opac-detail.pl?biblionumber=6857
_yKatalog online BPK